000 00436nam a2200181Ia 4500
001 1969
005 20260306143807.0
008 260306t2008||||xx |||||||||||||| ||spa||
041 _aESP
082 _a158.7
_bP43
100 _aPereda, Santiago
_eAUT
245 0 _aPsicología del trabajo:
_bteoría y práctica
260 _c2008
300 _a525 páginas :
_c23 cm.
650 _aGEN
654 _aCPS
942 _cLIB
_dJUS
_fJUS
_2ddc
_n
999 _c1969
_d1969